Indiske og asiatiske religioner - Statistics

General Stats
  • This quiz has been taken 19 times
  • The average score is 20 of 38
Answer Stats
Hint Answer % Correct
Den guden som nest flest hinduer dyrker som den største (avbildes som en vismann, assosieres også med fruktbarhet) Shiva
89%
Den guden som flest hinduer dyrker som den største (avbildes som en hersker) Vishnu
89%
Det hinduer kaller den kosmiske plikten man følger avhengig av kjønn og klasse/kaste, og det buddhister kaller Buddhas lære Dharma
78%
Måten ens handlinger får konsekvenser for ens gjenfødelse Karma
78%
Den mest mangfoldige (og utbredte) retningen innenfor buddhismen, der man blant annet dyrker bodhisattvaer og himmelske buddhaer (betyr den store vognen) Mahayana
78%
Det buddhister kaller frigjøring fra gjenfødelsenes kretsløp Nirvana
78%
Den mest ortodokse retningen innenfor buddhismen, som ikke har guddommer eller tilsvarende Theravada
78%
Hoveddoktrinen i buddhismen De fire edle sannhetene
67%
Den åndelige lederen av tibetanerne i dag Den 14. Dalai Lama
67%
Måten å oppnå frigjøring på i buddhismen (den fjerde av de edle sannhetene, og gjerne symbolisert ved Dharma-hjulet) Den edle åttedelte veien
67%
Grunnleggeren av buddhismen Gautama Buddha
67%
Frigjøring fra gjenfødelsenes kretsløp (i hinduismen) Moksha
67%
I buddhismen er det forskjell mellom disse to gruppene (vanligvis er det kun de i den første gruppen som kan oppnå frigjøring) Munker/nonner og lekfolk
67%
Gjenfødelsenes (reinkarnasjonenes) kretsløp Samsara
67%
Den individuelle sjelen til alt som lever, som blir gjenfødt Atman
56%
Det Absolutte, den kosmiske substansen og prinsippet, eller verdenssjelen Brahman
56%
Den filosofiske religionen i Kina som sier man må være i harmoni med Veien Daoisme
56%
Det buddhistiske lekfolk er forventet å følge for å forbedre sin karma De fem levereglene
56%
Det buddhistiske skrifter gjerne blir kalt (brukes også om ulike tekster fra det gamle India) Sutraer
56%
Kanonen av buddhistiske skrifter i theravada (også kalt Pali-kanonen etter språket den er skrevet på) Tripitaka
56%
Den esoteriske og tantriske buddhismen med mange guder og gudelignende figurer, som er flertallsreligion i Tibet og Mongolia (betyr diamant-vognen) Vajrayana
56%
De helligste tekstene i hinduismen, som er blant verdens eldste hellige skrifter Vedaene
56%
Nesten-buddhaer som fungerer som gudelignende figurer i mahayana-buddhisme Bodhisattvaer
44%
Den store kinesiske filosofen som har sin egen filosofiske religion i Kina Konfutse
44%
Ofringsritualet i hinduismen (gjennomføres både hjemme og i tempel) Puja
44%
En veldig kjent underskole i mahayana-buddhisme som vektlegger meditasjon (her med dens mer berømte japanske navn) Zen
44%
Det kjente eposet med avataren Krishna Bhagavad Gita
33%
De tre juveler/skatter/tilflukter (Buddha som forbilde, Buddhas lære, og det buddhistiske fellesskap) Buddha, Dharma og Sangha
33%
Det geometriske rituelle symbolet brukt særlig i tibetansk buddhisme Mandala
33%
Retningen innen hinduismen som dyrker gudinnen Shaktisme
33%
Det man kaller japansk folkereligion Shintoisme
33%
Den største guddommen i Japan (solgudinnen som keiseren av Japan skal være en etterkommer av) Amaterasu
22%
Hengiven dyrking av en guddom for å kunne forenes med denne guddommen etter døden (i hinduismen) Bhakti
22%
Hva er Tian, som regnes som et kosmisk veiledende prinsipp i kinesisk religion, særlig konfusianismen? Himmelen
22%
Det man kaller sammensetningen av kinesiske religiøse praksiser og mytologi Kinesisk folkereligion
22%
Mahayana-skolen som dyrker den himmelske Amitabha Buddha for å bli gjenfødt i hans himmel (tradisjonelt vært populær i Japan) Rene land
22%
Æring av disse utgjør en hoveddel av kinesisk folkereligion Forfedrene
11%
En viktig bodhisattva i kinesisk buddhisme (egentlig en kvinnelig versjon av Avalokiteshvara) Guanyin
11%
No matching quizzes found
Score Distribution
Percent of People with Each Score
Percentile by Number Answered
Your Score History
You have not taken this quiz